Pääkaupungit kirjaimittain - P - Statistics

Yleistilastot
  • Tätä visaa on pelattu 1 523 kertaa
  • Keskiarvotulos 11 / 18
Vastaustilastot
Valtio Pääkaupunki % Oikein
Ranska Pariisi
89%
Tšekki Praha
82%
Kosovo Pristina
75%
Kiina Peking
73%
Montenegro Podgorica
72%
Panama Panama
69%
Haiti Port-au-Prince
66%
Pohjois-Korea Pjongjang
64%
Trinidad ja Tobago Port of Spain
60%
Suriname Paramaribo
58%
Kambodža Phnom Penh
55%
Etelä-Afrikka Pretoria
54%
Papua-Uusi-Guinea Port Moresby
50%
Benin Porto-Novo
48%
Mauritius Port Louis
47%
Vanuatu Port Vila
47%
Kap Verde Praia
46%
Mikronesia Palikir
45%
Ehtoja vastaavia visoja ei löytynyt
Tulosjakauma
Jokaisen tuloksen saaneiden osuus
Persentiili vastausten määrän mukaan
Tuloshistoriasi
Et ole pelannut tätä visaa